• 首页
  • 本馆介绍
  • 公告通知
  • 最新文献
  • 馆藏检索
  • 电子资源
  • 读者导购
  • 参考咨询
  • 我的图书馆
  • 登录
  • 详细信息显示
  • 放入我的书架
  • 预约/预借图书
  • 作者相关作品
  • 分类相关作品
  • 丛书相关作品
  • 出版社相关作品

书目信息

  • 表格格式
  • 工作单格式
  • 卡片格式
题名:
做合格的共产党员
    
 
作者: ;中共中央书记处研究室政治组《做合格的共产党员》编写组 编
分册: 第一集  
出版信息: 北京   中共中央党校出版社  1983.10
页数: 251页
开本: 19cm
丛书名:
单 册:
中图分类: D263.1
科图分类:
主题词: 中国共产党--党员--标准
电子资源:
ISBN:
000 00763nam0 2200205 45
001 0301100994
005 20050630082120.6
010    @dCNY0.78
091    @a3230.148
100    @a20030110d1983 km y0chiy0120 ea
101 0  @achi
105    @a z 000yy
200 1  @a做合格的共产党员@AZuo He Ge De Gong Chan Dang Yuan@h第一集@f中共中央书记处研究室政治组《做合格的共产党员》编写组编@FZhong Gong Zhong Yang Shu Ji Chu Yan Jiu Shi Zheng Zhi Zu《Zuo He Ge De Gong Chan Dang Yuan》Bian Xie Zu Bian
210    @a北京@c中共中央党校出版社@d1983.10
215    @a251页@d19cm
606 0  @a中国共产党@x党员@x标准
690    @aD263.1@v3
711 02 @a中共中央书记处研究室政治组《做合格的共产党员》编写组@4编
801    @aCN@bTSTC@c20030922
905    @dD263.1@e24:1@f1@b254603
    
    做合格的共产党员.第一集/中共中央书记处研究室政治组《做合格的共产党员》编写组编.-北京:中共中央党校出版社,1983.10
    251页;19cm
    
    
    ISBN :CNY0.78
    
●
相关链接 在E读中查询图书 在五车中查询图书 在当当中查询图书 在豆瓣中查询图书


正题名:做合格的共产党员     索取号:D263.1/24:1         预约/预借

序号 登录号 条形码 馆藏地/架位号 状态 备注
1 0254601   000380322   密集书库/ [索取号:D263.1/24:1] 在馆    
2 0254602   001728385   密集书库/ [索取号:D263.1/24:1] 在馆    
3 0254603   000380313   第一样本阅览室/ [索取号:D263.1/24:1] 在馆    
唐山师范学院图书馆 欢迎您!
大连网信软件有限公司© 版权所有